<?xml version="1.0" encoding="UTF-8"?><?xml-stylesheet type="text/xsl" href="static/style.xsl"?><OAI-PMH xmlns="http://www.openarchives.org/OAI/2.0/" xmlns:xsi="http://www.w3.org/2001/XMLSchema-instance" xsi:schemaLocation="http://www.openarchives.org/OAI/2.0/ http://www.openarchives.org/OAI/2.0/OAI-PMH.xsd"><responseDate>2026-04-14T17:50:17Z</responseDate><request verb="GetRecord" identifier="oai:uvadoc.uva.es:10324/65802" metadataPrefix="marc">https://uvadoc.uva.es/oai/request</request><GetRecord><record><header><identifier>oai:uvadoc.uva.es:10324/65802</identifier><datestamp>2025-09-23T12:49:39Z</datestamp><setSpec>com_10324_1192</setSpec><setSpec>com_10324_931</setSpec><setSpec>com_10324_894</setSpec><setSpec>col_10324_1383</setSpec></header><metadata><record xmlns="http://www.loc.gov/MARC21/slim" xmlns:doc="http://www.lyncode.com/xoai" xmlns:xsi="http://www.w3.org/2001/XMLSchema-instance" xmlns:dcterms="http://purl.org/dc/terms/" xsi:schemaLocation="http://www.loc.gov/MARC21/slim http://www.loc.gov/standards/marcxml/schema/MARC21slim.xsd">
<leader>00925njm 22002777a 4500</leader>
<datafield tag="042" ind1=" " ind2=" ">
<subfield code="a">dc</subfield>
</datafield>
<datafield tag="720" ind1=" " ind2=" ">
<subfield code="a">Alonso Rodríguez, Marta</subfield>
<subfield code="e">author</subfield>
</datafield>
<datafield tag="720" ind1=" " ind2=" ">
<subfield code="a">Galván Desvaux, Noelia</subfield>
<subfield code="e">author</subfield>
</datafield>
<datafield tag="720" ind1=" " ind2=" ">
<subfield code="a">Sanz Rosón, Mónica</subfield>
<subfield code="e">author</subfield>
</datafield>
<datafield tag="720" ind1=" " ind2=" ">
<subfield code="a">Álvarez Arce, Raquel</subfield>
<subfield code="e">author</subfield>
</datafield>
<datafield tag="260" ind1=" " ind2=" ">
<subfield code="c">2022</subfield>
</datafield>
<datafield tag="520" ind1=" " ind2=" ">
<subfield code="a">Perspective and perspective restitution are used in this contribution to analyse the architectures which, in many cases, play an important role in certain artworks, especially in the 15th century. The study focuses on Benozzo Gozzoli’s fresco entitled The Grape Harvest and Drunkenness of Noah, using a methodology that exploits recent progress in the field of knowledge, thus providing new ways to study, analyse, and restore a work of art. In this case, these new tools make it possible to not only gain a thorough understanding of the architectural space and its logic, but also verify the geometric accuracy and spatial realism Gozzoli introduced in his works.</subfield>
</datafield>
<datafield tag="024" ind2=" " ind1="8">
<subfield code="a">Disegnare, idee, immagini, 2022, vol. 64, p.56-64</subfield>
</datafield>
<datafield tag="024" ind2=" " ind1="8">
<subfield code="a">9788849234138</subfield>
</datafield>
<datafield tag="024" ind2=" " ind1="8">
<subfield code="a">https://uvadoc.uva.es/handle/10324/65802</subfield>
</datafield>
<datafield tag="024" ind2=" " ind1="8">
<subfield code="a">56</subfield>
</datafield>
<datafield tag="024" ind2=" " ind1="8">
<subfield code="a">64</subfield>
</datafield>
<datafield tag="024" ind2=" " ind1="8">
<subfield code="a">Disegnare, idee, immagini</subfield>
</datafield>
<datafield tag="024" ind2=" " ind1="8">
<subfield code="a">64</subfield>
</datafield>
<datafield ind1=" " ind2=" " tag="653">
<subfield code="a">arquitectura y urbanismo, análisis gráfico, dibujo, rectificación</subfield>
</datafield>
<datafield ind1=" " ind2=" " tag="653">
<subfield code="a">arquitectura y urbanismo, análisis gráfico, dibujo, perspectiva</subfield>
</datafield>
<datafield tag="245" ind1="0" ind2="0">
<subfield code="a">Architectural scenery in 15th-century paintings. Perspective restitution applied to an artwork by Benozzo Gozzoli</subfield>
</datafield>
</record></metadata></record></GetRecord></OAI-PMH>